000 00724pam a2200229 a 4500
001 2123879
005 20250308115905.0
008 970312s1997 mauab b 001 0 eng
020 _a0256220573 (alk. paper)
020 _a9780256220575
050 0 0 _aHF5718
_b.L63 1997
082 0 0 _a651.7
_221
100 1 _aLocker, Kitty O.
245 1 0 _aBusiness and administrative communication /
_cKitty O. Locker.
250 _a4th ed.
260 _aBoston, Mass. :
_bIrwin/McGraw-Hill,
_cc1997.
300 _axviii, 680 p. :
_bill. (some col.), col. map ;
_c29 cm.
500 _aIncludes one quick reference chart.
650 0 _aBusiness communication.
650 0 _aCommunication in management.
942 _2lcc
_cBK
_e4th Ed.
_n0
999 _c4589
_d4589